La integración latinoamericana en una etapa de decisiones /
Guardat en:
| Autor principal: | |
|---|---|
| Altres autors: | |
| Format: | Text |
| Publicat: |
Buenos Aires:
BID. INTAL
|
| Etiquetes: |
Afegir etiqueta
Sense etiquetes, Sigues el primer a etiquetar aquest registre!
|
MARC
| LEADER | 00000 a a2200000 04500 | ||
|---|---|---|---|
| 001 | 24774 | ||
| 003 | |||
| 040 | |||
| 090 | |a 177400 | ||
| 100 | |a Wyndham White, Eric | ||
| 245 | |a La integración latinoamericana en una etapa de decisiones / |c Eric Wyndham White | ||
| 260 | |a Buenos Aires: |b BID. INTAL | ||
| 300 | |a 193 p. | ||
| 700 | |a Balassa, Bela |a Prebisch, Raul |a Iglesias, Enrique V. |a Lleras Restrepo, Carlos |a Magariños, Gustavo |a Solá, Alberto |a Salgado, Germánico |a Rey, Jean |a Tamames, Ramón | ||
| 999 | |c 16358 |d 16358 | ||
